000 01503nam a2200397 i 4500
003 CO-BoRNBP
005 20230403203743.0
007 ta
008 211027s2021 ck a ||ar ||| 00| 1 spa d
020 _a9789585350991
040 _aCO-BoRNBP
_bspa
_erda
_cCO-BoRNBP
041 1 _aspa
_heng
043 _ae-ie---
084 _aA MCL1
100 1 _aMcLaughlin, Eoin
_eautor
_9789
245 1 3 _aEl abrazo
_ctexto Eoin McLaughlin ; ilustraciones Polly Dunbar ; traducción Teresa Broseta Fandos
250 _aEdición especial
264 1 _aMedellín, Colombia
_bAS Ediciones
_bAlgar Editorial
_c2021
300 _a[18,26] páginas sin numerar y en paginación variada
_bilustraciones a color
_c25 cm
336 _atexto
_btxt
_2rdacontent
337 _asin mediación
_bn
_2rdamedia
338 _avolumen
_bnc
_2rdacarrier
490 0 _aPlan Nacional de Lectura y Escritura Leer es mi Cuento / Ministerio de Cultura
500 _aTexto en páginas contrapuestas
521 _aRecomendado para un público infantil mayor de 3 años
534 _tThe hug
650 1 7 _aÁlbumes infantiles irlandeses
_2LEMB
_9790
650 1 7 _aLiteratura infantil irlandesa
_2LEMB
_9791
650 1 7 _aAutores irlandeses
_2LEMB
_9792
650 1 7 _aAfecto (Psicología)
_vÁlbum
_2LEMB
_9793
650 1 7 _aEmociones infantiles
_vÁlbum
_2LEMB
_9794
650 1 7 _aAbrazos
_vÁlbum
_2LEMB
_9795
700 1 _aDunbar, Polly
_d1980-
_eilustradora
_9796
700 1 _aBroseta Fandos, Teresa
_etraductora
_9797
942 _cBKLIT
_2ddc
999 _c9310
_d9310